Peronnages Twilight - Statistiques

Statistiques générales
  • Ce quiz a été pris 884 fois
  • Le résultat moyen est 9 sur 21
Statistiques - réponses
Acteurs Personnages % Correct
Robert Pattinson Edward Cullen
96%
Kristen Stewart Isabella Swan
94%
Ashley Greene Alice Cullen
84%
Taylor Lautner Jacob Black
77%
Peter Facinelli Carlisle Cullen
65%
Elizabeth Reaser Esmée Cullen
62%
Billy Burke Charlie Swan
60%
Kellan Lutz Emmett Cullen
56%
Jackson Rathbone Jasper Hale
54%
Nikki Reed Rosalie Hale
53%
Rachelle Lefevre Victoria
30%
Gil Birmingham Billy Black
27%
Michael Welch Mike Newton
19%
Edi Gathegi Laurent
18%
Anna Kendrick Jessica Stanley
17%
Christian Serratos Angela Weber
13%
Solomon Trimble Sam Uley
12%
Justin Chon Eric Yorkie
8%
Gregory Tyree Boyce Tyler Crowley
4%
Krys Hyatt Embry Call
3%
Sarah Clarke Renée Dwyer (Swan)
1%
Aucun quiz correspondant
Distribution des résultats
% des personnes avec chaque résultat
Percentile par nombre de réponses
Votre historique - résultats
Vous n’avez pas pris ce quiz